| 000 | 00404nam a22001697a 4500 | ||
|---|---|---|---|
| 003 | MPLRDC | ||
| 005 | 20220104113621.0 | ||
| 008 | 210129b ||||| |||| 00| 0 eng d | ||
| 082 | _a848.2 LL v.5 c.2 | ||
| 100 | _a罗兰著 | ||
| 245 |
_a罗兰散文. 第五辑 _c |
||
| 250 | _a七版 | ||
| 260 |
_a _b靳佩芬出版 _c1983 |
||
| 300 | _b平 | ||
| 650 | _a现代别集 | ||
| 942 |
_cBK _o848.2 LL v.5 c.2 |
||
| 999 |
_c1027 _d1017 |
||